000 00517nam a2200193Ia 4500
001 47579
008 140429s9999 xx 000 0 und d
020 _aNA
040 _cPK-LaUMT
082 _aRHC 331.88
_bLEE-T
100 _aLee, Arthur Botam
245 _aTrade unionain (Urdu)
_bun kaa jaaiz aur najaaiz istimaal
_cLee, Arthur Botam<>Jalees Abidi
260 _aDehli,India:
_bNational Academy,
_c1965
300 _a108 p.
546 _aUR
650 _aTrade unions
700 _aJalees Abidi
942 _cBK
999 _c45499
_d45499